Tilastot visalle Kylmä sota -visa #2

Klikkaa tästä pelataksesi tätä visaa!

Yleistilastot

  • Tätä visaa on pelattu 383 kertaa
  • Keskiarvotulos 12 / 20

Vastaustilastot

VihjeVastaus% Oikein
Tunnukset Neuvostoliiton lipussaSirppi
89%
Tunnukset Neuvostoliiton lipussaVasara
87%
Neuvostoliittoa hallinnut puolueKommunistinen
79%
Nimitys venäläiselle astronautilleKosmonautti
76%
Neuvostoliitto hyökkäsi tähän maahan 1979Afganistan
75%
Ensimmäinen satelliitti Maata kiertävällä radallaSputnik
74%
Yhdysvallat boikotoi näitä vuonna 1980Olympialaiset
71%
Neuvostoliiton viimeinen johtajaMihail Gorbatšov
69%
Teoria, jonka mukaan ydinasevaltiot eivät uskalla sotia toisiaan vastaan ydinsodan pelon vuoksi{Kauhun} tasapaino
68%
Yhdysvaltain epäonnistunut yritys syöstä Fidel Castron hallitus vallasta{Sikojen}lahden maihinnousu
59%
Neuvostoliiton vuonna 1948 saartama kaupunkiLänsi-Berliini
57%
Neuvostoliittoa vastaan vuonna 1956 kapinoinut valtioUnkari
57%
Neuvostoliiton "pahan valtakunnaksi" julistanut Yhdysvaltain presidenttiRonald Reagan
53%
Neuvostoliiton johtaja 1964-82Leonid Brežnev
49%
Mihin aseeseen lyhenne ICBM viittaa?{Mannertenvälinen} ballistinen ohjus
46%
Neuvostoliiton johtaja 1953-64Nikita Hruštšov
39%
Nimitys erityisesti 1970-luvun aikaiselle kylmän sodan rauhoittumiselleLiennytys
38%
Yhdysvaltalaisen presidentin mukaan nimetty doktriini, jonka mukaan Yhdysvaltain tulee tukea vapaata maailmaa totalitarismia vastaan{Trumanin} oppi
37%
Lech Wałęsan johtama puolalainen poliittinen liikeSolidaarisuus
30%
Neuvostoliiton korkein toimeenpaneva elinPolitbyroo
16%

Tulosjakauma

Persentiili vastausten määrän mukaan

Jokaisen tuloksen saaneiden osuus

Tuloshistoriasi

Et ole pelannut tätä visaa